000 00652cab a2200229 4500
001 ABS37492
008 090401t1987 xxu||||| |||| 00| 0 eng d
035 _a(Sirsi) u4915
041 _aeng
100 _aMoore, M.
245 _aCentre forward
260 _c1987
350 _a0
490 _aChartered Quantity Surveyor
_v9 (8) March 1987, 25-27 (3)
520 _aReports on the completion of the Quintins , a new shopping mall development in Hailsham , Essex.
650 _aSHOP DEVELOPMENT
650 _aSHOPPING CENTRES
650 _aSHOPPING MALLS
690 _aBUILDING AND CONSTRUCTION-PROJECTS
942 _n0
948 _c04/03/1997
999 _c2970
_d2970